| 000 | 00767nam a2200217 a 4500 | ||
|---|---|---|---|
| 005 | 20230614063504.0 | ||
| 008 | 021028s1999 fr r 000 0 eng d | ||
| 020 | _a928031183X | ||
| 035 | _aUPN01000120520 | ||
| 049 | _aUNE | ||
| 050 | 4 |
_aLB2862 _bW4.2 |
|
| 100 | 1 |
_aWelsh, Thomas _940385 |
|
| 245 | 1 | 0 |
_aDecentralization of education : _bwhy, when, what and how ? / _cThomas Welsh and Noel F. McGinn. |
| 260 |
_aParis : _bUNESCO, International Institute for Educational Planning, _c1999. |
||
| 300 | _a98 p. | ||
| 440 | 0 |
_aFundamentals of educational planning ; _v64 |
|
| 500 | _aTambién localizas ejemplares en Colección General | ||
| 650 | 4 |
_aDescentralización en la educación _912461 |
|
| 700 | 1 |
_aMcGinn, Noel F., _d1934- _ecoaut. _929215 |
|
| 905 | _aLibro | ||
| 999 |
_c92854 _d92854 |
||